000 01128nam a2200301 a 4500
001 BRCA_6802
005 20190320205610.0
008 031111s1919----gw-#######---#000-0#eng-#
041 _aeng
044 _agw
050 4 _aPZ3
_b.B75 19 1919
100 1 _aShaw, Bernard
_d1856-1950
_916963
245 1 0 _aThree plays for puritans
_bthe devil’s disciple, Caesar and Cleopatra, Captain Brassbound’s conversion
_cby Bernard Shaw.
260 _aLeipzig, Alemania
_bBernhard Tauchnitz
_c1919
300 _a384 p.
_c16 cm.
440 0 _aCollection of British authors. Tauchnitz edition
_vv. 4531
_916964
500 _aVer también CEF6, H144, L2, L15, L16, L17, L18, L19, L20, L22, L23, L24, L25, L26, L27, L32, L166, N9, N11, N12 y N17
500 _aN13
600 1 4 _aCésar, Julio
_xDrama
_916965
600 1 4 _aCleopatra
_cReina de Egipto
_dm. 30 A.C.
_xDrama
_916966
650 1 4 _aLiteratura inglesa
_916967
651 4 _aEstados Unidos
_xHistoria
_y1775-1783
_916968
740 0 _aThe devil’s disciple
740 0 _aCaesar and Cleopatra
740 0 _aCaptain Brassbound’s conversion
902 _aGFM
942 _2lcc
_cB
999 _c6485
_d6485